LEADER 01162nam0-22003971i-450- 001 990005536740203316 005 20050719120000.0 035 $a000553674 035 $aUSA01000553674 035 $a(ALEPH)000553674USA01 035 $a000553674 100 $a20050719d1972-------|0itac50------ba 101 $aita 102 $aIT 105 $a|||| ||||| 200 1 $aFitormoni e fitoregolatori$fGaetano Cammarata 210 $aBologna$cEdizioni agricole$dc1972 215 $aV, 55 p.$cill.$d20 cm. 225 2$aUniversale Edagricole$v73 410 1$12001$aUniversale Edagricole$v73 606 $aFitormini$2FI 620 $dBologna 676 $a631.309$cAttrezzi agricoli - Antichità - Studi$v21 700 1$aCAMMARATA,$bGaetano$0614351 712 $aEdagricole 801 $aIT$bSOL$c20120104 912 $a990005536740203316 950 $aDIP.TO SCIENZE ECONOMICHE - (SA)$dDS 600 631 CAM$e1158 DISES 951 $a600 631 CAM$b1158 DISES 959 $aBK 969 $aDISES 979 $c20121027$lUSA01$h1532 979 $c20121027$lUSA01$h1613 996 $aFitormoni e fitoregolatori$91130777 997 $aUNISA NUM $aUSA15850 LEADER 01966nam 2200577Ia 450 001 9910452104503321 005 20200520144314.0 010 $a0-8147-8451-8 010 $a1-4356-0742-2 035 $a(CKB)1000000000479514 035 $a(OCoLC)181158190 035 $a(CaPaEBR)ebrary10189766 035 $a(SSID)ssj0000274089 035 $a(PQKBManifestationID)11219699 035 $a(PQKBTitleCode)TC0000274089 035 $a(PQKBWorkID)10332345 035 $a(PQKB)10626557 035 $a(MiAaPQ)EBC865942 035 $a(MdBmJHUP)muse10370 035 $a(Au-PeEL)EBL865942 035 $a(CaPaEBR)ebr10189766 035 $a(OCoLC)780425944 035 $a(EXLCZ)991000000000479514 100 $a20061213d2007 uy 0 101 0 $aeng 135 $aurcn||||||||| 181 $ctxt 182 $cc 183 $acr 200 10$aWorking the skies$b[electronic resource] $ethe fast-paced, disorienting world of the flight attendant /$fDrew Whitelegg 210 $aNew York $cNew York University Press$dc2007 215 $a1 online resource (320 p.) 300 $aBibliographic Level Mode of Issuance: Monograph 311 $a0-8147-9407-6 311 $a0-8147-9408-4 320 $aIncludes bibliographical references (p. 281-283) and index. 327 $aWe're here to save your ass, not kiss it -- Briefing : from stewardess to flight attendant -- Departure -- Safety checks -- In-flight entertainment? -- Cruising altitude -- The layover -- The return -- Debriefing. 606 $aFlight attendants$zUnited States 606 $aFlight attendants$zUnited States$vAnecdotes 608 $aElectronic books. 615 0$aFlight attendants 615 0$aFlight attendants 676 $a387.7/364 700 $aWhitelegg$b Drew$01044445 801 0$bMiAaPQ 801 1$bMiAaPQ 801 2$bMiAaPQ 906 $aBOOK 912 $a9910452104503321 996 $aWorking the skies$92470109 997 $aUNINA